'CH' Game Quiz Stats

 Plays Quiz Updated Feb 6, 2017

Also try: Catchin' Some Z's
Challenge
Share
Tweet
Embed
Score 0/46 Timer 10:00
0 Plays Today
Answer % Correct
Chi
91.6%
March
78.5%
China
74.6%
Chandler
71%
Cheese
70%
Rachel
68%
Chile
58.1%
Chad
56.5%
Michigan
55%
Kitchen
51.6%
Massachusetts
49.2%
(Los Angeles) Chargers
40%
Chicago
36.9%
Chelsea
34.6%
Chlorine
33.7%
Manchester United
32.8%
(Kansas City) Chiefs
30.5%
Czechia
29.3%
Christopher (6)
25.6%
(James) Buchanan
25.5%
Munich
25.2%
Pinocchio
24.7%
Michael (2)
24.7%
Answer % Correct
Much Ado About Nothing
22.9%
Liechtenstein
22.4%
Chromium
22.3%
Lilo & Stitch
19.3%
The Merchant of Venice
19.3%
1 Chronicles
18.6%
2 Chronicles
18.6%
Richard III
17.6%
Richard II
17.4%
Malachi
17.2%
The Hunchback of Notre Dame
13.4%
Zechariah
12.6%
Seychelles
12.4%
Chisinau (Moldova)
12.1%
Chariots of Fire
11.2%
Bucharest (Romania)
10.2%
The King's Speech
9.4%
Schindler's List
8.6%
The French Connection
6.4%
Technetium
5.3%
Chicken Little
5%
The Adventures of Ichabod and Mr. Toad
3.2%
Nouakchott (Mauritania)
2.7%

You're not logged in!

Compare scores with friends on all Sporcle quizzes.
Join for Free
OR
Log In

You Might Also Like...

Show Comments

Extras

Top Quizzes Today


Score Distribution

Your Account Isn't Verified!

In order to create a playlist on Sporcle, you need to verify the email address you used during registration. Go to your Sporcle Settings to finish the process.

Report this User

Report this user for behavior that violates our Community Guidelines.

Details: